Commodity Trade Statistics 1991
Enregistré dans:
| Format: | Livre |
|---|---|
| Langue: | anglais |
| Publié: |
New York
United Nations
1992
|
| Édition: | 1. ed. |
| Sujets: | |
| Tags: |
Pas de tags, Soyez le premier à ajouter un tag!
|
MARC
| LEADER | 00000nam a2200000 4500 | ||
|---|---|---|---|
| 001 | c003253 | ||
| 005 | 20221221080051.3 | ||
| 041 | 0 | |a eng | |
| 044 | |a US | ||
| 245 | 1 | 0 | |a Commodity Trade Statistics 1991 |
| 250 | |a 1. ed. | ||
| 264 | 1 | |a New York |b United Nations |c 1992 | |
| 300 | |a 286 s. | ||
| 610 | 2 | 0 | |a obchod |
| 610 | 2 | 0 | |a komodity |
| 610 | 2 | 0 | |a štatistika |
| 610 | 2 | 0 | |a 1991 |